Ḍā. Āni Beseṇṭ. (Record no. 81196)
[ view plain ]
| 000 -LEADER | |
|---|---|
| fixed length control field | 00573cam a22002291 4500 |
| 001 - CONTROL NUMBER | |
| control field | sa 68006236 |
| 003 - CONTROL NUMBER IDENTIFIER | |
| control field | DLC |
| 005 - DATE AND TIME OF LATEST TRANSACTION | |
| control field | 20260227112514.0 |
| 008 - FIXED-LENGTH DATA ELEMENTS--GENERAL INFORMATION | |
| fixed length control field | 940929s1964 ii a 000 0 kano |
| 010 ## - LIBRARY OF CONGRESS CONTROL NUMBER | |
| LC control number | sa 68006236 |
| 025 ## - OVERSEAS ACQUISITION NUMBER | |
| Overseas acquisition number | PL480:I-Kan-917 |
| 035 ## - SYSTEM CONTROL NUMBER | |
| System control number | (OCoLC)31199946 |
| 040 ## - CATALOGING SOURCE | |
| Original cataloging agency | DLC |
| Transcribing agency | CU |
| Modifying agency | CU |
| -- | DLC |
| 042 ## - AUTHENTICATION CODE | |
| Authentication code | premarc |
| 050 00 - LIBRARY OF CONGRESS CALL NUMBER | |
| Classification number | BP585.B3 |
| Item number | J6 |
| 100 1# - MAIN ENTRY--PERSONAL NAME | |
| Personal name | Joshi, Shamaji Keshava, |
| Dates associated with a name | 1929- |
| 245 10 - TITLE STATEMENT | |
| Title | Ḍā. Āni Beseṇṭ. |
| 260 ## - PUBLICATION, DISTRIBUTION, ETC. | |
| Date of publication, distribution, etc. | 1964. |
| 300 ## - PHYSICAL DESCRIPTION | |
| Extent | 88 p. |
| Other physical details | ill. |
| Dimensions | 19 cm. |
| 500 ## - GENERAL NOTE | |
| General note | In Kannada. |
| 600 10 - SUBJECT ADDED ENTRY--PERSONAL NAME | |
| Personal name | Besant, Annie, |
| Dates associated with a name | 1847-1933. |
No items available.